India`s 1999 elections and 20th century politics (Record no. 6162)

MARC details
000 -LEADER
fixed length control field 00547cam a2200217ua 4500
001 - CONTROL NUMBER
control field 7027
005 - DATE AND TIME OF LATEST TRANSACTION
control field 20260515114138.0
008 - FIXED-LENGTH DATA ELEMENTS--GENERAL INFORMATION
fixed length control field 141119n ii |||gr||||Z||||||eng
020 ## - INTERNATIONAL STANDARD BOOK NUMBER
International Standard Book Number 0761995986
040 ## - CATALOGING SOURCE
Transcribing agency MAIN
041 ## - LANGUAGE CODE
Language code of text/sound track or separate title eng
082 ## - DEWEY DECIMAL CLASSIFICATION NUMBER
Classification number 324
100 ## - MAIN ENTRY--PERSONAL NAME
Personal name Wallace, Paul,
Relator term Editor.
245 1# - TITLE STATEMENT
Title India`s 1999 elections and 20th century politics
Statement of responsibility, etc. Edited by Paul Wallace
250 ## - EDITION STATEMENT
Edition statement 1st.
260 ## - PUBLICATION, DISTRIBUTION, ETC.
Place of publication, distribution, etc. New Delhi:
Name of publisher, distributor, etc. SAGE,
Date of publication, distribution, etc. 2003.
300 ## - PHYSICAL DESCRIPTION
Extent xvi,443p.
653 ## - INDEX TERM--UNCONTROLLED
Uncontrolled term Indian election
700 ## - ADDED ENTRY--PERSONAL NAME
Personal name Roy, Ramashray,
Relator term Editor.
942 ## - ADDED ENTRY ELEMENTS (KOHA)
Koha item type Books
Holdings
Withdrawn status Lost status Damaged status Not for loan Home library Current library Shelving location Date acquired Total checkouts Full call number Barcode Date last seen Copy number Price effective from Koha item type
        Naharkatiya College Library Naharkatiya College Library General stacks 09/19/2020   324.6954 | IND 22515 09/19/2020 1 09/19/2020 Books